Focus two (Record no. 77198)

MARC details
000 -LEADER
fixed length control field 00910cab a2200217 4500
001 - CONTROL NUMBER
control field ##L133768
008 - FIXED-LENGTH DATA ELEMENTS--GENERAL INFORMATION
fixed length control field 060608n2006 000 0 eng u
035 ## - SYSTEM CONTROL NUMBER
System control number (Sirsi) u133768
041 0# - LANGUAGE CODE
Language code of text/sound track or separate title eng
100 1# - MAIN ENTRY--PERSONAL NAME
Personal name Cunningham, Daniel
245 00 - TITLE STATEMENT
Title Focus two
Remainder of title Northern Ireland
260 ## - PUBLICATION, DISTRIBUTION, ETC.
Date of publication, distribution, etc. 2006
490 #0 - SERIES STATEMENT
Series statement Estates Gazette
Volume/sequential designation (0622) 3 June 2006, 141-155(10)
520 ## - SUMMARY, ETC.
Summary, etc. Covers the regeneration of Belfast's North East Quarter and the government's domination of the Belfast office market causing an obstacle to activity. Reports on Northern Ireland's profitable commercial property investment market and the challenges facing the Province's licensed trade from a smoking ban and changes to licensing.
590 ## - LOCAL NOTE (RLIN)
Local note IKA200606
651 #4 - SUBJECT ADDED ENTRY--GEOGRAPHIC NAME
Geographic name NORTHERN IRELAND
690 ## - LOCAL SUBJECT ADDED ENTRY--TOPICAL TERM (OCLC, RLIN)
Topical term or geographic name as entry element PROPERTY-COMMERCIAL PROPERTY-COMMERCIAL PROPERTY MARKET
700 1# - ADDED ENTRY--PERSONAL NAME
Personal name Kivlehan, Noella Pio
700 1# - ADDED ENTRY--PERSONAL NAME
Personal name Buckley, Donal
942 ## - ADDED ENTRY ELEMENTS (KOHA)
Suppress in OPAC 0
Holdings
Withdrawn status Lost status Source of classification or shelving scheme Damaged status Not for loan Home library Current library Shelving location Date acquired Total Checkouts Full call number Barcode Date last seen Copy number Price effective from Koha item type
    Dewey Decimal Classification     London London Journal article 08/06/2006   L133768 133768-1001 06/08/2019 1 06/08/2019 Journal article